Videogames by Synonyms - Statistics

General Stats
  • This quiz has been taken 709 times
  • The average score is 7 of 20
Answer Stats
Synonym Game Title % Correct
Deceased by Sunshine Dead by Daylight
76%
Two weeks Fortnite
63%
Father of Conflict God of War
61%
Fate Destiny
54%
Harvest Create Minecraft
53%
Shout of Role Call of Duty
52%
Distant Scream Far Cry
52%
Huge Stealing Mechanical Grand Theft Auto
50%
Spying Canines Watch Dogs
44%
Alloy Kit Sturdy Metal Gear Solid
39%
Planet of Weaponmaking World of Warcraft
34%
Concluding Delusion Final Fantasy
23%
Angel Crown Halo
23%
On-top of clock Overwatch
23%
Skyline Nothing Daybreak Horizon Zero Dawn
20%
Fireplace Rock Hearthstone
13%
Combat Ground single Battlefield 1
12%
Shuttle Society Rocket League
8%
Argument Fallout
7%
Celebrity Fighting Warfare Forward Star Wars Battlefront
4%
No matching quizzes found
Score Distribution
Percent of People with Each Score
Percentile by Number Answered
Your Score History
You have not taken this quiz